<?xml version="1.0" encoding="UTF-8"?>
<collection xmlns="http://www.loc.gov/MARC21/slim">
 <record>
  <leader>01175pamaa2200169   4500</leader>
  <controlfield tag="001">0000020429</controlfield>
  <controlfield tag="005">20110107090000.0</controlfield>
  <datafield tag="020" ind1="0" ind2="0">
   <subfield code="a">[ nil ] </subfield>
  </datafield>
  <datafield tag="090" ind1="0" ind2="0">
   <subfield code="a">TA780 </subfield>
   <subfield code="b">ANA 1999</subfield>
  </datafield>
  <datafield tag="245" ind1="0" ind2="0">
   <subfield code="a">ANALYSIS, design and construction of pile foundations : </subfield>
   <subfield code="b">a two days short course  </subfield>
   <subfield code="c">organised by Geotechnical Engineering Technical Division of Institution of Engineers, Malaysia.</subfield>
  </datafield>
  <datafield tag="260" ind1="0" ind2="0">
   <subfield code="a">Petaling Jaya: </subfield>
   <subfield code="b">IEM, </subfield>
   <subfield code="c">1999.</subfield>
  </datafield>
  <datafield tag="300" ind1=" " ind2=" ">
   <subfield code="a">575p.: </subfield>
   <subfield code="b">ill.; </subfield>
   <subfield code="c">30cm.</subfield>
  </datafield>
  <datafield tag="500" ind1="0" ind2="0">
   <subfield code="a">Contents : Ultimate load capacity of piles, Settlement of piles and pile groups, Lateral response of piles and pile groups, A survey of pile systems in Malaysia - past and present, Bored piling practice in Malaysia, The importance of design input during construction of foundations and case histories, Design of piled rafts, Design of piles for ground movement, Pile load tests, Design of piled foundations subjected to horizontal loading, Case histories of foundation movement, Foundation for the new Kuching deep water port at Kampung Senari, Sarawak</subfield>
  </datafield>
  <datafield tag="504" ind1="0" ind2="0">
   <subfield code="a">Includes references and list of participants</subfield>
  </datafield>
  <datafield tag="610" ind1="1" ind2="0">
   <subfield code="a">Institution of Engineers, Malaysia </subfield>
  </datafield>
  <datafield tag="650" ind1="0" ind2="0">
   <subfield code="a">Piling (Civil engineering) </subfield>
  </datafield>
  <datafield tag="650" ind1="0" ind2="0">
   <subfield code="a">Seminar paper </subfield>
  </datafield>
 </record>
</collection>
